Courtesans, bar girls and dancing boys : (Record no. 83846)

MARC details
000 -LEADER
fixed length control field 00642nam a22001937a 4500
005 - DATE AND TIME OF LATEST TRANSACTION
control field 20140506115339.0
010 ## - LCCN (DPL NO)
LC control number ENG-109821
020 ## - INTERNATIONAL STANDARD BOOK NUMBER
International Standard Book Number 9789350097922
Terms of availability 595.00
035 ## - SYSTEM CONTROL NUMBER
System control number EN-93354
037 ## - SOURCE OF ACQUISITION
Source of stock number/acquisition DBAD/PUB
082 ## - DEWEY DECIMAL CLASSIFICATION NUMBER
Classification number 793.31954
100 ## - MAIN ENTRY--PERSONAL NAME
Personal name Morcom, Anna
245 00 - TITLE STATEMENT
Title Courtesans, bar girls and dancing boys :
Statement of responsibility, etc by Anna Morcom
Remainder of title the illicit worlds of indian dance /
260 ## - PUBLICATION, DISTRIBUTION, ETC. (IMPRINT)
Place of publication, distribution, etc Gurgaon
Name of publisher, distributor, etc Hachette Book Publishing
Date of publication, distribution, etc 2014
270 ## - ADDRESS
Address 4th and 5th Floors, Corporate Centre Plot No. 94, Sector 44
City Gurgaon
Postal code 122003
300 ## - PHYSICAL DESCRIPTION
Extent xii,286p.
Dimensions 24cm(Hb)
500 ## - GENERAL NOTE
General note Includes index
942 ## - ADDED ENTRY ELEMENTS (KOHA)
Source of classification or shelving scheme Dewey Decimal Classification
Item type English Books
Call number suffix MOR
Classification part 793.31954
Holdings
Withdrawn status Lost status Not for loan Collection code Home library Current library Date acquired Source of acquisition Cost, normal purchase price Full call number Barcode Copy number Cost, replacement price Koha item type
    Not For Loan Non-fiction D.B.Act.Division Bawana 28/04/2014 DBAD/PUB 595.00 793.31954 MOR EN-93354 1 595.00 English Books

© Delhi Public Library
Hit Counter
free hit counter